[Event "Ïåðâåíñòâî Ìîñêâû ïî øàõìàòàì 2015 ñðåäè ìàëü÷èêîâ (Ì17)"]
[Site "Moscow"]
[Date "2015.11.16"]
[Round "5.4"]
[White "Ãðèãîðüåâ, Äìèòðèé"]
[Black "Øîøèí, Áîðèñ"]
[Result "1/2-1/2"]
[WhiteElo "2076"]
[BlackElo "1981"]
[PlyCount "0"]
[EventDate "2015.11.12"]

1. e4 {[%clk 1:26:18]} c5 {[%clk 1:30:57]} 2. c3 {[%clk 1:26:44]} Nf6
{[%clk 1:31:23]} 3. e5 {[%clk 1:27:12]} Nd5 {[%clk 1:31:49]} 4. d4
{[%clk 1:27:38]} cxd4 {[%clk 1:32:16]} 5. cxd4 {[%clk 1:28:04]} e6
{[%clk 1:31:44]} 6. Nf3 {[%clk 1:28:09]} Nc6 {[%clk 1:31:12]} 7. Bc4
{[%clk 1:27:23]} d6 {[%clk 1:31:39]} 8. O-O {[%clk 1:27:39]} Be7 {[%clk 1:32:05]}
9. Bd2 {[%clk 1:27:50]} Qb6 {[%clk 1:32:22]} 10. Nc3 {[%clk 1:22:51]} O-O
{[%clk 0:58:29]} 11. Bxd5 {[%clk 1:17:22]} exd5 {[%clk 0:58:24]} 12. Nxd5
{[%clk 1:14:51]} Qxb2 {[%clk 0:58:49]} 13. a4 {[%clk 1:11:48]} Bf5
{[%clk 0:54:56]} 14. Bc3 {[%clk 1:03:23]} Qc2 {[%clk 0:54:37]} 15. Qxc2
{[%clk 1:03:42]} Bxc2 {[%clk 0:55:01]} 16. Nxe7+ {[%clk 1:02:55]} Nxe7
{[%clk 0:55:29]} 17. Bb4 {[%clk 0:59:06]} Rfd8 {[%clk 0:50:27]} 18. g4
{[%clk 0:32:35]} Be4 {[%clk 0:43:37]} 19. Ra3 {[%clk 0:23:07]} a5
{[%clk 0:27:38]} 20. Bxd6 {[%clk 0:21:02]} Nc8 {[%clk 0:27:37]} 21. Nd2
{[%clk 0:08:53]} Nxd6 {[%clk 0:27:34]} 22. exd6 {[%clk 0:09:07]} Bd5
{[%clk 0:27:50]} 23. Rc1 {[%clk 0:08:46]} Rxd6 {[%clk 0:27:17]} 24. Rac3
{[%clk 0:02:52]} Be6 {[%clk 0:19:24]} 25. Nc4 {[%clk 0:01:19]} Rxd4
{[%clk 0:17:45]} 26. Nxa5 {[%clk 0:01:26]} Rxg4+ {[%clk 0:16:59]} 27. Kf1
{[%clk 0:01:55]} Rb4 {[%clk 0:14:22]} 28. Rc7 {[%clk 0:01:02]} b6
{[%clk 0:12:59]} 29. Nc4 {[%clk 0:00:48]} Kf8 {[%clk 0:12:11]} 30. Rc6
{[%clk 0:00:38]} Bxc4+ {[%clk 0:10:30]} 31. R1xc4 {[%clk 0:00:45]} Raxa4
{[%clk 0:10:47]} 32. Rc8+ {[%clk 0:01:01]} Ke7 {[%clk 0:11:13]} 33. R4c7+
{[%clk 0:01:28]} Ke6 {[%clk 0:10:37]} 34. Re8+ {[%clk 0:01:52]} Kf6
{[%clk 0:10:57]} 35. Rf8 {[%clk 0:01:29]} Rb1+ {[%clk 0:09:19]} 36. Kg2
{[%clk 0:01:44]} Rg4+ {[%clk 0:08:09]} 37. Kf3 {[%clk 0:01:32]} Rbg1
{[%clk 0:07:47]} 38. Rfxf7+ {[%clk 0:01:44]} Ke5 {[%clk 0:06:47]} 39. Rfe7+
{[%clk 0:01:52]} Kd4 {[%clk 0:06:46]} 40. Red7+ {[%clk 0:01:56]} Ke5
{[%clk 0:06:58]} 41. Re7+ {[%clk 0:02:24]} Kf6 {[%clk 0:06:41]} 42. Rf7+
{[%clk 0:02:50]} Ke6 {[%clk 0:07:04]} 43. Rfe7+ {[%clk 0:03:08]} Kd6
{[%clk 0:07:24]} 44. Red7+ {[%clk 0:03:27]} Ke6 {[%clk 0:07:46]} 1/2-1/2

[Event "Ïåðâåíñòâî Ìîñêâû ïî øàõìàòàì 2015 ñðåäè ìàëü÷èêîâ (Ì17)"]
[Site "Moscow"]
[Date "2015.11.16"]
[Round "5.5"]
[White "Èñàåâ, Íèêîëàé"]
[Black "Ãåðìàí, Íèêèòà"]
[Result "0-1"]
[WhiteElo "1616"]
[BlackElo "2061"]
[PlyCount "0"]
[EventDate "2015.11.12"]

1. Nf3 {[%clk 1:28:57]} Nf6 {[%clk 1:30:35]} 2. d4 {[%clk 1:29:20]} g6
{[%clk 1:31:01]} 3. c4 {[%clk 1:29:44]} Bg7 {[%clk 1:31:28]} 4. Nc3
{[%clk 1:30:07]} d6 {[%clk 1:31:53]} 5. e4 {[%clk 1:30:29]} O-O {[%clk 1:32:18]}
6. Be2 {[%clk 1:30:53]} Na6 {[%clk 1:32:14]} 7. O-O {[%clk 1:25:42]} e5
{[%clk 1:32:39]} 8. dxe5 {[%clk 1:20:31]} dxe5 {[%clk 1:32:49]} 9. Qxd8
{[%clk 1:20:51]} Rxd8 {[%clk 1:33:14]} 10. Bg5 {[%clk 1:21:05]} Re8
{[%clk 1:32:57]} 11. Rad1 {[%clk 0:53:32]} h6 {[%clk 1:26:24]} 12. Bxf6
{[%clk 0:52:11]} Bxf6 {[%clk 1:26:48]} 13. Nd5 {[%clk 0:52:18]} Bd8
{[%clk 1:24:59]} 14. a3 {[%clk 0:45:27]} c6 {[%clk 1:08:06]} 15. Nc3
{[%clk 0:43:19]} Bf6 {[%clk 1:05:17]} 16. b4 {[%clk 0:35:59]} Nc7
{[%clk 1:05:04]} 17. Nd2 {[%clk 0:33:06]} Ne6 {[%clk 1:04:53]} 18. Bg4
{[%clk 0:28:05]} a5 {[%clk 1:02:31]} 19. Ra1 {[%clk 0:20:25]} Rd8
{[%clk 0:56:21]} 20. Nf3 {[%clk 0:19:32]} Nd4 {[%clk 0:45:51]} 21. Bxc8
{[%clk 0:18:43]} Raxc8 {[%clk 0:45:10]} 22. Rab1 {[%clk 0:12:20]} axb4
{[%clk 0:40:07]} 23. axb4 {[%clk 0:10:56]} Nxf3+ {[%clk 0:37:55]} 24. gxf3
{[%clk 0:11:24]} Rd3 {[%clk 0:38:19]} 25. Nd1 {[%clk 0:11:24]} Bg5
{[%clk 0:34:11]} 26. Kg2 {[%clk 0:10:51]} Ra8 {[%clk 0:34:00]} 27. Re1
{[%clk 0:10:04]} Raa3 {[%clk 0:33:34]} 28. Ne3 {[%clk 0:09:57]} Ra2
{[%clk 0:26:57]} 29. Ra1 {[%clk 0:04:35]} Rxe3 {[%clk 0:26:54]} 30. Rxa2
{[%clk 0:04:43]} Rxe1 {[%clk 0:27:19]} 31. Ra7 {[%clk 0:05:03]} Rc1
{[%clk 0:27:10]} 32. c5 {[%clk 0:04:58]} Rc4 {[%clk 0:26:06]} 33. Rxb7
{[%clk 0:05:14]} Bd2 {[%clk 0:26:32]} 34. b5 {[%clk 0:05:07]} Rxc5
{[%clk 0:26:54]} 35. b6 {[%clk 0:04:52]} Ba5 {[%clk 0:26:22]} 36. Rb8+
{[%clk 0:05:00]} Kg7 {[%clk 0:26:47]} 37. b7 {[%clk 0:05:17]} Rb5
{[%clk 0:27:14]} 38. Kf1 {[%clk 0:04:28]} Bc7 {[%clk 0:27:32]} 0-1

[Event "Ïåðâåíñòâî Ìîñêâû ïî øàõìàòàì 2015 ñðåäè ìàëü÷èêîâ (Ì17)"]
[Site "Moscow"]
[Date "2015.11.16"]
[Round "5.6"]
[White "Ëåâåíøòåéí, Ìàðê"]
[Black "Áóðàêîâ, Àëåêñàíäð"]
[Result "1-0"]
[WhiteElo "2110"]
[BlackElo "1758"]
[PlyCount "0"]
[EventDate "2015.11.12"]

1. Nf3 {[%clk 1:30:58]} Nf6 {[%clk 1:30:27]} 2. g3 {[%clk 1:31:24]} g6
{[%clk 1:30:33]} 3. Bg2 {[%clk 1:31:51]} Bg7 {[%clk 1:30:52]} 4. O-O
{[%clk 1:32:16]} O-O {[%clk 1:31:13]} 5. d3 {[%clk 1:32:20]} d5 {[%clk 1:29:45]}
6. Nbd2 {[%clk 1:31:36]} b6 {[%clk 1:25:34]} 7. c3 {[%clk 1:26:33]} Bb7
{[%clk 1:24:50]} 8. Qc2 {[%clk 1:26:40]} c5 {[%clk 1:23:48]} 9. Re1
{[%clk 1:10:10]} Nc6 {[%clk 1:23:25]} 10. e4 {[%clk 1:02:28]} e5 {[%clk 1:17:24]}
11. exd5 {[%clk 0:57:34]} Nxd5 {[%clk 1:17:43]} 12. Nc4 {[%clk 0:57:48]} Qc7
{[%clk 1:09:56]} 13. a4 {[%clk 0:54:33]} Rad8 {[%clk 1:08:13]} 14. Bg5
{[%clk 0:52:15]} f6 {[%clk 1:06:52]} 15. Bc1 {[%clk 0:45:34]} Rfe8
{[%clk 0:57:08]} 16. Qb3 {[%clk 0:44:11]} Kh8 {[%clk 0:54:00]} 17. a5
{[%clk 0:39:01]} Nxa5 {[%clk 0:46:30]} 18. Nxa5 {[%clk 0:39:19]} bxa5
{[%clk 0:46:56]} 19. Qb5 {[%clk 0:34:46]} Qb6 {[%clk 0:32:37]} 20. Rxa5
{[%clk 0:31:12]} Bf8 {[%clk 0:27:10]} 21. Qa4 {[%clk 0:11:30]} Bc6
{[%clk 0:25:13]} 22. Qa2 {[%clk 0:10:40]} Nc7 {[%clk 0:20:26]} 23. Rxa7
{[%clk 0:09:05]} Rxd3 {[%clk 0:20:15]} 24. Be3 {[%clk 0:09:16]} Red8
{[%clk 0:13:21]} 25. Qa5 {[%clk 0:07:38]} Qxa5 {[%clk 0:12:21]} 26. Rxa5
{[%clk 0:08:01]} e4 {[%clk 0:09:30]} 27. Nh4 {[%clk 0:07:22]} Rd1
{[%clk 0:08:41]} 28. Ra1 {[%clk 0:07:48]} Rxe1+ {[%clk 0:08:23]} 29. Rxe1
{[%clk 0:08:14]} f5 {[%clk 0:08:03]} 30. f3 {[%clk 0:07:31]} Re8 {[%clk 0:05:45]}
31. fxe4 {[%clk 0:07:12]} fxe4 {[%clk 0:06:12]} 32. Bh1 {[%clk 0:06:55]} Nd5
{[%clk 0:06:09]} 33. Bc1 {[%clk 0:06:25]} Nf6 {[%clk 0:05:58]} 34. Ng2
{[%clk 0:06:26]} Ng4 {[%clk 0:05:05]} 35. Bf4 {[%clk 0:05:37]} Bg7
{[%clk 0:03:57]} 36. Ne3 {[%clk 0:05:34]} Ne5 {[%clk 0:03:59]} 37. Bxe5
{[%clk 0:05:46]} Rxe5 {[%clk 0:03:09]} 38. Nc4 {[%clk 0:06:01]} Re8
{[%clk 0:02:55]} 39. Nd6 {[%clk 0:05:56]} Rb8 {[%clk 0:02:18]} 40. Bxe4
{[%clk 0:06:01]} Bxe4 {[%clk 0:02:27]} 41. Rxe4 {[%clk 0:06:22]} Kg8
{[%clk 0:02:33]} 42. Re2 {[%clk 0:04:40]} Bf8 {[%clk 0:02:23]} 43. Nc4
{[%clk 0:04:59]} Rd8 {[%clk 0:02:22]} 44. Kf2 {[%clk 0:05:08]} Kf7
{[%clk 0:02:02]} 45. Re4 {[%clk 0:03:26]} Rd1 {[%clk 0:01:19]} 46. Ke2
{[%clk 0:03:31]} Rh1 {[%clk 0:01:07]} 47. h4 {[%clk 0:03:55]} Rg1
{[%clk 0:01:23]} 48. g4 {[%clk 0:03:40]} h5 49. g5 {[%clk 0:03:53]} Ra1
{[%clk 0:00:33]} 50. Kf3 {[%clk 0:03:08]} Rf1+ {[%clk 0:00:52]} 51. Ke2
{[%clk 0:03:01]} Ra1 {[%clk 0:01:15]} 52. Kd3 {[%clk 0:02:40]} Ra6
{[%clk 0:01:20]} 53. Ne5+ {[%clk 0:02:38]} Kg7 {[%clk 0:01:17]} 54. Kc4
{[%clk 0:02:25]} Rb6 {[%clk 0:01:21]} 55. Re2 {[%clk 0:02:11]} Re6
{[%clk 0:01:05]} 56. Re1 {[%clk 0:01:09]} Rb6 {[%clk 0:00:40]} 57. Nd3
{[%clk 0:01:14]} Rb7 {[%clk 0:00:43]} 58. Nxc5 {[%clk 0:00:50]} Rxb2
{[%clk 0:00:39]} 59. Ne6+ {[%clk 0:01:11]} Kf7 {[%clk 0:00:41]} 60. Nxf8
{[%clk 0:01:37]} Kxf8 {[%clk 0:01:09]} 61. Re4 {[%clk 0:01:59]} Kf7
{[%clk 0:01:35]} 62. Kd5 {[%clk 0:02:21]} Rb5+ {[%clk 0:01:56]} 63. Kc6
{[%clk 0:02:40]} Rb8 {[%clk 0:02:11]} 64. c4 {[%clk 0:02:53]} Rc8+
{[%clk 0:02:35]} 65. Kb7 {[%clk 0:03:15]} Rc5 {[%clk 0:02:29]} 66. Kb6
{[%clk 0:03:42]} Rc8 {[%clk 0:02:55]} 67. c5 {[%clk 0:04:06]} 1-0

[Event "Ïåðâåíñòâî Ìîñêâû ïî øàõìàòàì 2015 ñðåäè ìàëü÷èêîâ (Ì17)"]
[Site "Moscow"]
[Date "2015.11.16"]
[Round "5.7"]
[White "Òåéèòáàåâ, Àêòèëåê"]
[Black "Âåðøèíèí, Èâàí"]
[Result "1-0"]
[WhiteElo "2029"]
[BlackElo "1707"]
[PlyCount "0"]
[EventDate "2015.11.12"]

1. d4 {[%clk 1:27:33]} Nf6 {[%clk 1:30:43]} 2. Nf3 {[%clk 1:27:57]} e6
{[%clk 1:30:54]} 3. c4 {[%clk 1:25:44]} Bb4+ {[%clk 1:30:43]} 4. Bd2
{[%clk 1:25:10]} Qe7 {[%clk 1:29:57]} 5. a3 {[%clk 1:24:22]} Bxd2+
{[%clk 1:30:14]} 6. Nbxd2 {[%clk 1:24:49]} d6 {[%clk 1:24:37]} 7. Qc2
{[%clk 1:19:08]} Nbd7 {[%clk 1:22:10]} 8. e3 {[%clk 1:17:55]} O-O
{[%clk 1:20:26]} 9. Be2 {[%clk 1:18:21]} e5 {[%clk 1:13:56]} 10. dxe5
{[%clk 1:14:34]} dxe5 11. O-O {[%clk 1:12:45]} Re8 {[%clk 1:05:56]} 12. b4
{[%clk 1:07:26]} Nf8 {[%clk 1:00:16]} 13. Rfd1 {[%clk 1:06:37]} Bg4
{[%clk 0:51:10]} 14. Ne4 {[%clk 0:59:51]} Bh5 {[%clk 0:44:31]} 15. c5
{[%clk 0:39:58]} Bg6 {[%clk 0:27:33]} 16. Nxf6+ {[%clk 0:35:18]} Qxf6
{[%clk 0:27:49]} 17. Qc3 {[%clk 0:35:44]} Qe7 {[%clk 0:20:03]} 18. c6
{[%clk 0:29:16]} b6 {[%clk 0:15:13]} 19. Rd5 {[%clk 0:26:46]} f6 {[%clk 0:09:55]}
20. Rad1 {[%clk 0:26:45]} Bf7 {[%clk 0:06:50]} 21. R5d2 {[%clk 0:27:13]} Rad8
{[%clk 0:05:58]} 22. Bc4 {[%clk 0:23:40]} Rxd2 {[%clk 0:03:31]} 23. Rxd2
{[%clk 0:19:38]} Rd8 {[%clk 0:03:09]} 24. Bxf7+ {[%clk 0:13:33]} Kxf7
{[%clk 0:03:29]} 25. Qc4+ {[%clk 0:13:50]} Ne6 {[%clk 0:02:28]} 26. Kf1
{[%clk 0:13:20]} Rxd2 {[%clk 0:01:59]} 27. Nxd2 {[%clk 0:13:48]} Qd6
{[%clk 0:02:08]} 28. Ke2 {[%clk 0:14:03]} Kf8 {[%clk 0:01:11]} 29. Ne4
{[%clk 0:14:03]} Qe7 {[%clk 0:01:08]} 30. Qa6 {[%clk 0:14:32]} Qe8
{[%clk 0:01:00]} 31. Qc4 {[%clk 0:10:18]} Qe7 {[%clk 0:00:51]} 32. Nc3
{[%clk 0:07:35]} a5 {[%clk 0:00:37]} 33. bxa5 {[%clk 0:03:26]} bxa5
{[%clk 0:01:01]} 34. a4 {[%clk 0:03:22]} Qd6 {[%clk 0:00:47]} 35. Nb5
{[%clk 0:03:18]} Qe7 {[%clk 0:00:36]} 36. Qc3 {[%clk 0:02:49]} Qc5 37. Qxc5+
{[%clk 0:01:58]} Nxc5 {[%clk 0:00:53]} 38. Nxc7 {[%clk 0:02:27]} Nxa4
{[%clk 0:01:10]} 39. Nd5 {[%clk 0:02:54]} Ke8 {[%clk 0:00:57]} 40. Kd3
{[%clk 0:03:08]} Nb2+ {[%clk 0:00:48]} 41. Kc2 {[%clk 0:03:09]} Nc4
{[%clk 0:00:54]} 42. Kb3 {[%clk 0:03:06]} Nd2+ {[%clk 0:00:36]} 43. Ka4
{[%clk 0:03:35]} Ne4 {[%clk 0:00:35]} 44. f3 {[%clk 0:03:53]} Nc3+
{[%clk 0:00:56]} 45. Nxc3 {[%clk 0:04:10]} 1-0

[Event "Ïåðâåíñòâî Ìîñêâû ïî øàõìàòàì 2015 ñðåäè ìàëü÷èêîâ (Ì17)"]
[Site "Moscow"]
[Date "2015.11.16"]
[Round "5.8"]
[White "Ìõèòàðÿí, Àðñåí"]
[Black "Õìåëåâ, Ìèõàèë"]
[Result "0-1"]
[WhiteElo "1776"]
[BlackElo "2026"]
[PlyCount "0"]
[EventDate "2015.11.12"]

1. d4 {[%clk 1:30:58]} d5 {[%clk 1:27:06]} 2. Nf3 {[%clk 1:31:23]} Nf6
{[%clk 1:21:20]} 3. e3 {[%clk 1:31:50]} c5 {[%clk 1:21:24]} 4. b3
{[%clk 1:32:17]} Nc6 {[%clk 1:21:32]} 5. Bb2 {[%clk 1:32:40]} e6 {[%clk 1:21:49]}
6. Bd3 {[%clk 1:33:06]} Bd6 {[%clk 1:21:27]} 7. Ne5 {[%clk 1:33:29]} cxd4
{[%clk 1:18:15]} 8. exd4 {[%clk 1:33:49]} O-O {[%clk 1:18:27]} 9. Nd2
{[%clk 1:30:41]} Qc7 {[%clk 1:12:54]} 10. f4 {[%clk 1:28:51]} Nb4
{[%clk 1:09:14]} 11. O-O {[%clk 1:27:40]} Nxd3 {[%clk 1:09:36]} 12. Nxd3
{[%clk 1:28:03]} Ne4 {[%clk 1:09:20]} 13. Rc1 {[%clk 1:14:50]} Nc3
{[%clk 1:05:32]} 14. Bxc3 {[%clk 1:13:54]} Qxc3 {[%clk 1:05:57]} 15. Nf3
{[%clk 1:13:57]} Bxf4 {[%clk 1:06:03]} 16. Nxf4 {[%clk 1:13:45]} Qe3+
{[%clk 1:06:31]} 17. Rf2 {[%clk 1:07:09]} Qxf4 {[%clk 1:06:55]} 18. c4
{[%clk 1:05:50]} Qg4 {[%clk 1:05:46]} 19. Qc2 {[%clk 0:58:50]} dxc4
{[%clk 1:05:11]} 20. Qxc4 {[%clk 0:58:35]} Qe4 {[%clk 1:00:37]} 21. Ng5
{[%clk 0:42:36]} Qe3 {[%clk 1:01:02]} 22. Nf3 {[%clk 0:42:59]} b5
{[%clk 1:00:00]} 23. Rc3 {[%clk 0:37:18]} Qxf2+ {[%clk 0:59:49]} 0-1

[Event "Ïåðâåíñòâî Ìîñêâû ïî øàõìàòàì 2015 ñðåäè ìàëü÷èêîâ (Ì17)"]
[Site "Moscow"]
[Date "2015.11.16"]
[Round "5.9"]
[White "Ñû÷åâ, Äàíèèë"]
[Black "Øåâåëåâ, Àëåêñàíäð"]
[Result "1-0"]
[WhiteElo "1955"]
[BlackElo "1496"]
[PlyCount "0"]
[EventDate "2015.11.12"]

1. e4 {[%clk 1:30:58]} c5 {[%clk 1:30:57]} 2. Nf3 {[%clk 1:31:21]} e6
{[%clk 1:31:22]} 3. d4 {[%clk 1:31:46]} cxd4 {[%clk 1:31:49]} 4. Nxd4
{[%clk 1:32:12]} a6 {[%clk 1:32:12]} 5. a4 {[%clk 1:28:59]} Qc7 {[%clk 1:30:05]}
6. Bd3 {[%clk 1:25:58]} Nf6 {[%clk 1:29:42]} 7. O-O {[%clk 1:25:32]} Be7
{[%clk 1:29:30]} 8. Nc3 {[%clk 1:24:32]} O-O {[%clk 1:29:33]} 9. Be3
{[%clk 1:20:30]} Nc6 {[%clk 1:26:55]} 10. Nb3 {[%clk 0:54:22]} b6
{[%clk 1:24:14]} 11. f4 {[%clk 0:49:46]} d6 {[%clk 1:24:32]} 12. g4
{[%clk 0:46:38]} Bb7 {[%clk 1:19:24]} 13. g5 {[%clk 0:42:48]} Ne8
{[%clk 1:11:50]} 14. Qh5 {[%clk 0:39:38]} Nb4 {[%clk 1:09:57]} 15. Rf3
{[%clk 0:36:37]} Nxd3 {[%clk 1:07:21]} 16. Rh3 {[%clk 0:32:42]} h6
{[%clk 1:07:03]} 17. cxd3 {[%clk 0:32:08]} Bc8 {[%clk 1:01:58]} 18. gxh6
{[%clk 0:25:55]} g6 {[%clk 1:02:18]} 19. Qf3 {[%clk 0:23:21]} Kh7
{[%clk 1:01:56]} 20. Rg3 {[%clk 0:20:57]} Rb8 {[%clk 0:59:00]} 21. Nd4
{[%clk 0:18:33]} e5 {[%clk 0:39:24]} 22. Nd5 {[%clk 0:18:38]} Qd8
{[%clk 0:39:28]} 23. Nc6 {[%clk 0:18:34]} exf4 {[%clk 0:36:43]} 24. Nxd8
{[%clk 0:17:46]} fxg3 {[%clk 0:37:00]} 25. Nc6 {[%clk 0:16:10]} gxh2+
{[%clk 0:37:21]} 26. Kxh2 {[%clk 0:16:27]} Rb7 {[%clk 0:36:45]} 27. Ncxe7
{[%clk 0:16:38]} Be6 {[%clk 0:36:48]} 28. Nf6+ {[%clk 0:16:34]} Nxf6
{[%clk 0:36:43]} 29. Qxf6 {[%clk 0:16:52]} Rg8 {[%clk 0:36:55]} 30. Nxg8
{[%clk 0:17:15]} Kxg8 {[%clk 0:37:20]} 31. Qg7# {[%clk 0:17:40]} 1-0

[Event "Ïåðâåíñòâî Ìîñêâû ïî øàõìàòàì 2015 ñðåäè ìàëü÷èêîâ (Ì17)"]
[Site "Moscow"]
[Date "2015.11.16"]
[Round "5.10"]
[White "Ãåéâîíäÿí, Àðñåí"]
[Black "Ñàâåëüåâ, Àðòåì"]
[Result "0-1"]
[WhiteElo "1743"]
[BlackElo "1899"]
[PlyCount "0"]
[EventDate "2015.11.12"]

1. d4 {[%clk 1:30:58]} Nf6 {[%clk 1:28:36]} 2. c4 {[%clk 1:31:21]} e6
{[%clk 1:27:07]} 3. Nf3 {[%clk 1:31:40]} b6 {[%clk 1:27:28]} 4. a3
{[%clk 1:31:41]} Bb7 {[%clk 1:27:53]} 5. Nc3 {[%clk 1:32:04]} d5 {[%clk 1:24:08]}
6. cxd5 {[%clk 1:29:32]} Nxd5 {[%clk 1:23:16]} 7. g3 {[%clk 1:29:17]} Nxc3
{[%clk 1:20:03]} 8. bxc3 {[%clk 1:29:39]} c5 {[%clk 1:20:27]} 9. Bg2
{[%clk 1:28:59]} cxd4 {[%clk 1:19:45]} 10. cxd4 {[%clk 1:29:14]} Be7
{[%clk 1:18:32]} 11. O-O {[%clk 1:29:04]} O-O {[%clk 1:18:23]} 12. Qd3
{[%clk 1:26:05]} Nc6 {[%clk 1:11:12]} 13. Bb2 {[%clk 1:18:25]} Qd7
{[%clk 1:07:58]} 14. Rac1 {[%clk 1:15:32]} Bf6 {[%clk 1:03:11]} 15. Rfd1
{[%clk 1:09:53]} Ne7 {[%clk 0:33:56]} 16. Nd2 {[%clk 0:42:26]} Bxg2
{[%clk 0:26:39]} 17. Kxg2 {[%clk 0:41:21]} Rac8 {[%clk 0:25:47]} 18. Ne4
{[%clk 0:40:31]} Nd5 {[%clk 0:25:16]} 19. Nxf6+ {[%clk 0:35:37]} Nxf6
{[%clk 0:25:03]} 20. Rxc8 {[%clk 0:28:08]} Rxc8 {[%clk 0:24:17]} 21. d5
{[%clk 0:26:19]} Qxd5+ {[%clk 0:23:25]} 22. Qxd5 {[%clk 0:25:59]} Nxd5
{[%clk 0:23:48]} 23. e4 {[%clk 0:26:06]} Ne7 {[%clk 0:23:35]} 24. h4
{[%clk 0:25:29]} Nc6 {[%clk 0:22:21]} 25. h5 {[%clk 0:24:03]} a5 {[%clk 0:18:38]}
26. h6 {[%clk 0:24:06]} gxh6 {[%clk 0:18:06]} 27. Bf6 {[%clk 0:23:57]} b5
{[%clk 0:16:34]} 28. Rd7 {[%clk 0:12:40]} b4 {[%clk 0:16:04]} 29. axb4
{[%clk 0:13:02]} axb4 {[%clk 0:16:24]} 30. Rb7 {[%clk 0:13:24]} Rb8
{[%clk 0:16:19]} 31. Rc7 {[%clk 0:13:49]} Na5 {[%clk 0:16:13]} 32. Ra7
{[%clk 0:14:08]} Nc4 {[%clk 0:15:55]} 33. Rc7 {[%clk 0:14:34]} Nd2
{[%clk 0:15:59]} 34. Rd7 {[%clk 0:13:51]} Nxe4 {[%clk 0:14:56]} 35. Be5
{[%clk 0:14:12]} Rc8 {[%clk 0:11:24]} 36. Rd4 {[%clk 0:13:13]} f5
{[%clk 0:04:40]} 37. Rxb4 {[%clk 0:12:34]} Ng5 {[%clk 0:01:32]} 38. Rb6
{[%clk 0:10:34]} Kf7 {[%clk 0:01:19]} 39. Rb7+ {[%clk 0:10:22]} Kg6
{[%clk 0:01:41]} 40. Rg7+ {[%clk 0:10:35]} Kh5 {[%clk 0:02:03]} 41. Bf4
{[%clk 0:10:54]} Rc2 {[%clk 0:00:51]} 42. Bxg5 {[%clk 0:11:01]} hxg5
{[%clk 0:01:17]} 43. Rxh7+ {[%clk 0:11:27]} Kg4 {[%clk 0:01:10]} 44. Re7
{[%clk 0:10:09]} Re2 {[%clk 0:01:12]} 45. Ra7 {[%clk 0:06:15]} e5
{[%clk 0:01:00]} 46. Ra8 {[%clk 0:06:35]} e4 {[%clk 0:01:09]} 47. Re8
{[%clk 0:06:48]} Ra2 {[%clk 0:01:06]} 48. Re7 {[%clk 0:06:50]} Ra4
{[%clk 0:01:01]} 49. Re8 {[%clk 0:07:09]} Rd4 {[%clk 0:01:29]} 50. Rh8
{[%clk 0:07:20]} Rd1 {[%clk 0:01:37]} 51. Re8 {[%clk 0:07:24]} Re1
{[%clk 0:02:00]} 52. Rh8 {[%clk 0:07:25]} Ra1 {[%clk 0:02:24]} 53. Re8
{[%clk 0:07:35]} Ra3 {[%clk 0:02:45]} 54. Re7 {[%clk 0:07:50]} Ra8
{[%clk 0:03:07]} 55. Re6 {[%clk 0:08:03]} Ra4 {[%clk 0:02:34]} 56. Re8
{[%clk 0:08:23]} f4 {[%clk 0:02:41]} 57. gxf4 {[%clk 0:08:38]} gxf4
{[%clk 0:02:36]} 58. Rg8+ {[%clk 0:09:03]} Kf5 {[%clk 0:03:00]} 59. Rf8+
{[%clk 0:09:28]} Ke5 {[%clk 0:03:25]} 60. Re8+ {[%clk 0:09:40]} Kd4
{[%clk 0:03:38]} 61. Rd8+ {[%clk 0:09:16]} Kc3 {[%clk 0:03:58]} 62. Rf8
{[%clk 0:07:59]} f3+ {[%clk 0:03:55]} 63. Kg3 {[%clk 0:08:20]} Kd3
{[%clk 0:03:44]} 64. Rd8+ {[%clk 0:08:16]} Rd4 {[%clk 0:02:46]} 65. Re8
{[%clk 0:08:30]} Rd7 {[%clk 0:02:09]} 66. Rg8 {[%clk 0:05:59]} Ke2
{[%clk 0:01:21]} 67. Rg6 {[%clk 0:03:52]} e3 {[%clk 0:00:50]} 68. fxe3
{[%clk 0:04:03]} f2 {[%clk 0:01:14]} 69. Rf6 {[%clk 0:04:28]} f1=Q
{[%clk 0:01:34]} 70. Rxf1 {[%clk 0:04:53]} Kxf1 {[%clk 0:01:56]} 71. e4
{[%clk 0:05:01]} Ke2 {[%clk 0:01:16]} 72. e5 {[%clk 0:05:20]} Ke3
{[%clk 0:01:39]} 73. e6 0-1

[Event "Ïåðâåíñòâî Ìîñêâû ïî øàõìàòàì 2015 ñðåäè"]
[Site "Moscow"]
[Date "2015.11.16"]
[Round "5.11"]
[White "Ìåòåëåâ, Áîðèñ."]
[Black "Òâåðäîõëåá, Àëåêñàíäð."]
[Result "0-1"]
[WhiteElo "1756"]
[BlackElo "1885"]
[PlyCount "86"]
[EventDate "2015.11.12"]

1. e4 Nf6 2. e5 Nd5 3. d4 d6 4. c4 Nb6 5. exd6 cxd6 6. Nc3 g6 7. Be3 Bg7 8. Rc1
O-O 9. b3 e5 10. dxe5 dxe5 11. c5 N6d7 12. Nf3 Nc6 13. Bc4 Qa5 14. Ng5 Nd4 15.
O-O Nxc5 16. Nb5 Nce6 17. Bxd4 exd4 18. Nxe6 Bxe6 19. Bxe6 Qxb5 20. Bc4 Qd7 21.
Qf3 Rac8 22. Bd3 Bh6 23. Rc4 Rxc4 24. Bxc4 Bg7 25. Rd1 b6 26. Qd5 Qxd5 27. Bxd5
Rd8 28. Bc4 Bf8 29. a4 Bb4 30. f3 Re8 31. Kf1 Bc3 32. Kf2 Kg7 33. Rd3 Kf6 34.
Bd5 Re7 35. Kg3 Re1 36. Bc4 Ke7 37. Kg4 f6 38. Bg8 Kf8 39. Bc4 Re5 40. Kg3 Be1+
41. Kg4 Rg5+ 42. Kh3 Rh5+ 43. Kg4 Rh4# 0-1

[Event "Ïåðâåíñòâî Ìîñêâû ïî øàõìàòàì 2015 ñðåäè"]
[Site "Moscow"]
[Date "2015.11.16"]
[Round "5.12"]
[White "Óòðîáèí, Åãîð."]
[Black "Âîéíèêîíèñ, Íèêèòà."]
[Result "0-1"]
[WhiteElo "1674"]
[BlackElo "1874"]
[PlyCount "102"]
[EventDate "2015.11.12"]

1. d4 d5 2. f4 c5 3. e3 Nc6 4. c3 Nf6 5. Bd3 Bg4 6. Nf3 e6 7. Nbd2 Be7 8. b3
Bf5 9. Qc2 Bxd3 10. Qxd3 Qc7 11. Bb2 cxd4 12. cxd4 Nb4 13. Qb5+ Qc6 14. Qxc6+
bxc6 15. Ke2 Ne4 16. a3 Nxd2 17. Kxd2 Na6 18. b4 Bd6 19. Rhc1 Kd7 20. Bc3 f5
21. Rab1 Rab8 22. Ke2 h6 23. g3 g5 24. Rg1 Rhg8 25. Kd3 Nc7 26. Nd2 Rg7 27. Ke2
Ne8 28. Nb3 h5 29. Nc5+ Ke7 30. a4 Nc7 31. Kf3 a6 32. Bd2 Rh8 33. Rh1 h4 34.
Rbg1 Kd8 35. Bc3 Kc8 36. Be1 Be7 37. fxg5 h3 38. g4 Rf8 39. Ke2 f4 40. exf4
Rxf4 41. Bc3 Bxc5 42. bxc5 Rxg5 43. Rg3 e5 44. Rxh3 Ne6 45. Rh8+ Kd7 46. Rh7+
Ke8 47. Rh8+ Kf7 48. Rf1 exd4 49. Bd2 Re5+ 50. Kd3 Nxc5+ 51. Kc2 Rxf1 0-1

[Event "Ïåðâåíñòâî Ìîñêâû ïî øàõìàòàì 2015 ñðåäè"]
[Site "Moscow"]
[Date "2015.11.16"]
[Round "5.13"]
[White "Áóðõàíîâ, Âàñèëèé."]
[Black "Àõìåòîâ, Ãàçèç."]
[Result "1-0"]
[WhiteElo "1868"]
[BlackElo "1649"]
[PlyCount "101"]
[EventDate "2015.11.12"]

1. e4 d6 2. d4 Nf6 3. Nc3 c6 4. Bd3 e5 5. d5 Nbd7 6. Nge2 Nc5 7. O-O Be7 8. h3
O-O 9. Ng3 Re8 10. Kh1 Qc7 11. Be3 a6 12. Qd2 Kh8 13. a3 b5 14. Be2 Bf8 15.
Rad1 Nb7 16. b4 c5 17. f4 Bd7 18. bxc5 Nxc5 19. fxe5 dxe5 20. d6 Qc6 21. Bg5
Re6 22. Bxf6 Rxd6 23. Bxg7+ Kxg7 24. Qg5+ Rg6 25. Qxe5+ Kg8 26. Qf4 Be6 27. Bh5
Bh6 28. Qf3 Rg7 29. Nf5 Bxf5 30. Qxf5 Rf8 31. Nd5 Bg5 32. Qxg5 Rxg5 33. Ne7+
Kg7 34. Nxc6 Rxh5 35. e5 Rc8 36. Ne7 Rc7 37. Nd5 Rc8 38. Ne7 Rc7 39. Rf5 Ne4
40. Kh2 Rxf5 41. Nxf5+ Kg6 42. Ne3 Re7 43. Rd5 Re6 44. g4 Kg5 45. Ng2 Nc3 46.
Rd7 Rxe5 47. Rxf7 h6 48. Rc7 Nd5 49. Rc6 Re2 50. Kg3 Ne3 51. h4# 1-0

[Event "Ïåðâåíñòâî Ìîñêâû ïî øàõìàòàì 2015 ñðåäè"]
[Site "Moscow"]
[Date "2015.11.16"]
[Round "5.14"]
[White "Ñåäîâ, Ìàðê."]
[Black "Êóçüìèí, Èâàí."]
[Result "0-1"]
[WhiteElo "1610"]
[BlackElo "1774"]
[PlyCount "76"]
[EventDate "2015.11.12"]

1. d4 Nf6 2. c4 c5 3. d5 b5 4. cxb5 a6 5. bxa6 g6 6. Nc3 Bg7 7. e3 O-O 8. Nf3
Qa5 9. Bd2 Bxa6 10. Be2 Bxe2 11. Qxe2 Qa6 12. Qxa6 Nxa6 13. a3 Rfb8 14. Ra2 Rb3
15. O-O Rab8 16. Rb1 d6 17. h3 Nd7 18. Na4 f5 19. Ne1 Nc7 20. Nc2 Nxd5 21. Na1
R3b7 22. b4 Ra7 23. Nb2 cxb4 24. Nd1 Rxa3 25. Rxa3 bxa3 26. Rxb8+ Nxb8 27. Nb3
a2 28. Bc1 a1=Q 29. Nxa1 Bxa1 30. Bb2 Bxb2 31. Nxb2 Nc6 32. Kf1 Kf7 33. Ke2 e5
34. Kd3 Ke6 35. Kc4 Nf6 36. f3 e4 37. Na4 exf3 38. gxf3 Ne5+ 0-1